000 00946nam a2200253 a 4500
001 000026315
003 DO-SdBNP
005 20250307085656.0
007 ta
008 110312s1992 dr c 000 0 spa d
040 _aDO-SdBNP
_bspa
_cBNPHU
082 4 _a972.93054
_bB171m 1992
_222
245 1 0 _aMensajes presidenciales /
_cJoaquín Balaguer.
260 _aSanto Domingo :
_bCorripio,
_c1992.
300 _a485 p. :
_bil., retrs. ;
_c25 cm.
490 0 _aDiscursos
_v5
500 _aIncluye datos biográficos del autor en las solapas
590 _aInventariado, 2022/MFF
600 1 0 _a Balaguer, Joaquín,
_d1906-2002
_976556
_vEnsayos, conferencias, etc.
651 4 _aRepública Dominicana
_xPolítica y gobierno
_y1961-
_9204
_vEnsayos, conferencias, etc.
651 4 _aRepública Dominicana
_xCondiciones económicas
_xHistoria
_y1961-
_943863
_vEnsayos, conferencias, etc.
910 _aValidado. Control de calidad MFF
942 _2ddc
_cLBS1
999 _c25807
_d25807